00481nam a22001217a 4500020001800000082002100018100002300039245004200062260004500104942000700149999001900156952018400175 a9780198068815 a624.1821bSUB/ST aSubramanian, N934 aSteel structures: design and practice aNew DelhibOxford university Pressc2012 cBK c341328d341328 001040708General BoaKAUAETbKAUAETcGENd2013-03-30eAman Book Stall, Calicutg325.00l6m2o624.1821 SUB/STpKAU_KCAEFT-24125r2017-07-22 00:00:00s2017-07-05w2014-03-17yBK